[Event "Mittelfranken-chTB2a 1920"]
[Site "Mittelfranken"]
[Date "2019.11.03"]
[Round "2.5"]
[White "Schulz, Wilfried"]
[Black "Hofmann, Thomas1111"]
[Result "1/2-1/2"]
[WhiteElo "1858"]
[BlackElo "1610"]
[PlyCount "36"]
[EventDate "2019.10.13"]
[EventType "team-tourn"]
[EventRounds "9"]
[EventCountry "GER"]
[SourceTitle "EXT 2023"]
[Source "ChessBase"]
[SourceDate "2022.10.05"]
[SourceVersion "1"]
[SourceVersionDate "2022.10.05"]
[SourceQuality "1"]
[WhiteTeam "Fuerth SG II"]
[BlackTeam "Dombuehl"]
[WhiteTeamCountry "GER"]
[BlackTeamCountry "GER"]

1. e4 e6 2. d4 d5 3. e5 c5 4. c3 Nc6 5. Nf3 cxd4 6. cxd4 Bb4+ 7. Nc3 Nge7 8. Bd3 Nf5 9. Bxf5 exf5 10. 0-0 Bxc3 11. bxc3 0-0 12. Re1 Be6 13. Ba3 Re8 14. Bd6 Na5 15. Nd2 b6 16. Qf3 Rc8 17. Rec1 Nc4 18. Nxc4 Rxc4 1/2-1/2

[Event "Bad Wiessee Senioren Cup 8th"]
[Site "Bad Wiessee"]
[Date "2019.05.19"]
[Round "9"]
[White "Schulz, Wilfried"]
[Black "Radinger, Rudolf"]
[Result "0-1"]
[WhiteElo "1884"]
[BlackElo "1792"]
[PlyCount "60"]
[EventDate "2019.05.11"]
[EventType "swiss"]
[EventRounds "9"]
[EventCountry "GER"]
[SourceTitle "EXT 2020"]
[Source "ChessBase"]
[SourceDate "2019.10.17"]
[SourceVersion "1"]
[SourceVersionDate "2019.10.17"]
[SourceQuality "1"]

1. e4 Nc6 2. Nc3 e5 3. Nf3 Nf6 4. Bc4 Be7 5. d3 0-0 6. 0-0 d6 7. a3 Bg4 8. Be3 Re8 9. b4 a6 10. h3 Be6 11. Nd5 h6 12. Qd2 Bf8 13. c3 Bxd5 14. exd5 Ne7 15. Qa2 Ng6 16. Rae1 Nh5 17. Bc1 Qf6 18. Qe2 Nhf4 19. Qe4 Qd8 20. Kh2 Qd7 21. g4 Be7 22. d4 Bg5 23. Qf5 Qxf5 24. gxf5 Nh4 25. Nxh4 Bxh4 26. dxe5 dxe5 27. Re4 Bf6 28. Rfe1 Kf8 29. Bf1 Nxd5 30. Bb2 Ne7 0-1

[Event "Bad Wiessee Senioren Cup 8th"]
[Site "Bad Wiessee"]
[Date "2019.05.14"]
[Round "4"]
[White "Kugelmann, Werner"]
[Black "Schulz, Wilfried"]
[Result "1/2-1/2"]
[WhiteElo "2046"]
[BlackElo "1884"]
[PlyCount "142"]
[EventDate "2019.05.11"]
[EventType "swiss"]
[EventRounds "9"]
[EventCountry "GER"]
[SourceTitle "EXT 2020"]
[Source "ChessBase"]
[SourceDate "2019.10.17"]
[SourceVersion "1"]
[SourceVersionDate "2019.10.17"]
[SourceQuality "1"]

1. d4 Nf6 2. Nc3 d5 3. Bg5 e6 4. e4 dxe4 5. Nxe4 Be7 6. Bxf6 Bxf6 7. Nf3 0-0 8. Qd2 b6 9. 0-0-0 Bb7 10. Bd3 Nd7 11. Qf4 g6 12. h4 Bg7 13. h5 h6 14. hxg6 fxg6 15. Qg4 Qe8 16. Nc3 Qf7 17. Kb1 Nf6 18. Qxg6 Qxg6 19. Bxg6 Ng4 20. Rdf1 Rad8 21. Rh4 Nf6 22. Re1 Nd5 23. Be4 c5 24. Ne2 Ba6 25. Bxd5 exd5 26. Nf4 Bc8 27. dxc5 bxc5 28. Ne6 Bxe6 29. Rxe6 Rde8 30. Rxe8 Rxe8 31. Rh1 Re2 32. Rf1 d4 33. Ng1 Re6 34. Kc1 c4 35. b3 Ra6 36. bxc4 Rc6 37. Rd1 Rxc4 38. Rd3 h5 39. a3 Rc5 40. Nf3 Rc4 41. Kb2 Rc6 42. Kc1 Rc4 43. Kd1 Ra4 44. Kc1 Rc4 45. Kb2 Rc6 46. Nxd4 Rf6 47. Kb3 Rxf2 48. g3 Rf6 49. c3 Ra6 50. Nf5 Bf8 51. a4 Rb6+ 52. Kc2 Rf6 53. Nd4 Bg7 54. Nb5 a6 55. Nc7 Rc6 56. Nd5 Rc4 57. Kb3 Rg4 58. Nb4 Be5 59. Nd5 Rxg3 60. Rxg3+ Bxg3 61. Nf6+ Kf7 62. Nxh5 Be5 63. Kc4 Kg6 64. Kd5 Bb8 65. c4 Kxh5 66. c5 Kg5 67. Kc6 Ba7 68. a5 Kf5 69. Kd6 Bb8+ 70. Kd7 Ke5 71. c6 Kd5 1/2-1/2

[Event "Mittelfranken-chTB2a 1617"]
[Site "Mittelfranken"]
[Date "2017.01.22"]
[Round "5.4"]
[White "Veh Hoelzlein, Michael"]
[Black "Schulz, Wilfried"]
[Result "1-0"]
[WhiteElo "1962"]
[BlackElo "1806"]
[PlyCount "57"]
[EventDate "2016.10.23"]
[EventType "team-tourn"]
[EventRounds "9"]
[EventCountry "GER"]
[SourceTitle "EXT 2022"]
[Source "ChessBase"]
[SourceDate "2021.10.06"]
[SourceVersion "1"]
[SourceVersionDate "2021.10.06"]
[SourceQuality "1"]
[WhiteTeam "Cadolzburg"]
[BlackTeam "Fuerth SG"]
[WhiteTeamCountry "GER"]
[BlackTeamCountry "GER"]

1. e4 e5 2. Nf3 Nc6 3. Bc4 Nf6 4. d3 Be7 5. Nc3 d6 6. h3 Na5 7. Bb5+ c6 8. Ba4 b5 9. Bb3 0-0 10. Be3 a6 11. 0-0 Nxb3 12. axb3 Re8 13. Nd2 Bb7 14. f4 d5 15. fxe5 d4 16. exf6 Bxf6 17. Bxd4 Qxd4+ 18. Kh1 Rad8 19. Rb1 c5 20. Qe1 Qd6 21. Ne2 Bc8 22. Qf2 Rd7 23. Ng3 Be5 24. Nf5 Qf6 25. Qxc5 Rc7 26. Qg1 Rxc2 27. Ne3 Qh6 28. Nxc2 Bxh3 29. Qe3 1-0

[Event "Mittelfranken-chTB2a 1617"]
[Site "Mittelfranken"]
[Date "2016.11.27"]
[Round "3.4"]
[White "Semerow, Anatoli"]
[Black "Schulz, Wilfried"]
[Result "1-0"]
[WhiteElo "1937"]
[BlackElo "1806"]
[PlyCount "55"]
[EventDate "2016.10.23"]
[EventType "team-tourn"]
[EventRounds "9"]
[EventCountry "GER"]
[SourceTitle "EXT 2022"]
[Source "ChessBase"]
[SourceDate "2021.10.06"]
[SourceVersion "1"]
[SourceVersionDate "2021.10.06"]
[SourceQuality "1"]
[WhiteTeam "Erlangen Siemens"]
[BlackTeam "Fuerth SG"]
[WhiteTeamCountry "GER"]
[BlackTeamCountry "GER"]

1. e4 c6 2. Nf3 g6 3. Be2 Bg7 4. 0-0 d6 5. d4 Nf6 6. Nc3 0-0 7. Bg5 h6 8. Bh4 Nbd7 9. e5 dxe5 10. dxe5 Ng4 11. e6 fxe6 12. Qd3 Nge5 13. Nxe5 Nxe5 14. Qe4 c5 15. Rad1 Qe8 16. Bg3 Qc6 17. Qe3 Nf7 18. Bf3 Bd4 19. Qd3 Qe8 20. Qxg6+ Bg7 21. Qd3 Ng5 22. Be2 e5 23. h4 Bf5 24. Qc4+ Be6 25. Qxc5 Nf7 26. Bb5 Qc8 27. Qxe7 a6 28. Bd7 1-0

[Event "Mittelfranken-chTB2b 1415"]
[Site "Mittelfranken"]
[Date "2014.12.14"]
[Round "4.5"]
[White "Huettl, Walter"]
[Black "Schulz, Wilfried"]
[Result "1/2-1/2"]
[WhiteElo "1803"]
[BlackElo "1772"]
[PlyCount "74"]
[EventDate "2014.09.28"]
[EventType "team-tourn"]
[EventRounds "9"]
[EventCountry "GER"]
[SourceTitle "EXT 2020"]
[Source "ChessBase"]
[SourceDate "2019.10.17"]
[SourceVersion "1"]
[SourceVersionDate "2019.10.17"]
[SourceQuality "1"]
[WhiteTeam "Erlangen SC III"]
[BlackTeam "Schwanstetten"]
[WhiteTeamCountry "GER"]
[BlackTeamCountry "GER"]

1. c4 Nf6 2. Nc3 g6 3. g3 Bg7 4. Bg2 c6 5. e4 d6 6. d3 0-0 7. Rb1 e5 8. Nf3 Na6 9. 0-0 Nc7 10. d4 exd4 11. Nxd4 Ne6 12. Nxe6 Bxe6 13. Qd3 Ng4 14. b3 Qa5 15. Ne2 Rad8 16. h3 Ne5 17. Qc2 f6 18. Be3 Qc7 19. Rbd1 b6 20. Nd4 Bd7 21. Ne2 Bc8 22. Bd4 Qe7 23. Be3 Bb7 24. Rd2 Rfe8 25. Rfd1 Nf7 26. a4 Bh6 27. Bf4 Bxf4 28. Nxf4 Ne5 29. Qc3 Nf7 30. Re2 Qe5 31. Qc2 Kg7 32. Kh2 Qe7 33. Qb2 Qe5 34. Qc2 Qe7 35. Qb2 Qe5 36. Qc2 Qe7 37. Qb2 Qe5 1/2-1/2

[Event "Mittelfranken-chTB2b 1415"]
[Site "Mittelfranken"]
[Date "2014.11.16"]
[Round "3.5"]
[White "Kipferl, Wolfgang"]
[Black "Schulz, Wilfried"]
[Result "1/2-1/2"]
[WhiteElo "1861"]
[BlackElo "1772"]
[PlyCount "108"]
[EventDate "2014.09.28"]
[EventType "team-tourn"]
[EventRounds "9"]
[EventCountry "GER"]
[SourceTitle "EXT 2020"]
[Source "ChessBase"]
[SourceDate "2019.10.17"]
[SourceVersion "1"]
[SourceVersionDate "2019.10.17"]
[SourceQuality "1"]
[WhiteTeam "Neumarkt"]
[BlackTeam "Schwanstetten"]
[WhiteTeamCountry "GER"]
[BlackTeamCountry "GER"]

1. d4 Nf6 2. c4 g6 3. Nf3 Bg7 4. Nc3 0-0 5. e4 d6 6. h3 e5 7. d5 a5 8. Bd3 Na6 9. Be3 Qe7 10. a3 Bd7 11. Qd2 Nc5 12. Bc2 Qe8 13. 0-0 Nfxe4 14. Nxe4 Nxe4 15. Bxe4 f5 16. Bc2 f4 17. Qe2 fxe3 18. fxe3 Qe7 19. Rad1 b6 20. Nd2 Qg5 21. Nf3 Qe7 22. Nd2 Bh6 23. Rxf8+ Rxf8 24. Rf1 Qg5 25. Rxf8+ Kxf8 26. Qf3+ Ke7 27. Kf2 Bf5 28. Be4 Bd7 29. Bd3 Qf6 30. Qxf6+ Kxf6 31. Ne4+ Ke7 32. Nc3 Bg7 33. b3 Bf6 34. Be4 Bh4+ 35. g3 Bf6 36. h4 Bf5 37. Kf3 h5 38. Bxf5 gxf5 39. Ne2 Kf7 40. e4 Kg6 41. Nc3 Bd8 42. Nd1 f4 43. gxf4 exf4 44. Kxf4 Bxh4 45. Nc3 Bg5+ 46. Kf3 Kf6 47. Nb5 Bc1 48. a4 Ke5 49. Nxc7 Ba3 50. Nb5 Bc5 51. Nc7 Bb4 52. Ne6 Bd2 53. Nd8 Kf6 54. Ne6 Ke5 1/2-1/2

[Event "Mittelfranken-chTB2b 1415"]
[Site "Mittelfranken"]
[Date "2014.09.28"]
[Round "1.5"]
[White "Schulz, Wilfried"]
[Black "Bayer, Marius"]
[Result "0-1"]
[WhiteElo "1772"]
[BlackElo "1938"]
[PlyCount "72"]
[EventDate "2014.09.28"]
[EventType "team-tourn"]
[EventRounds "9"]
[EventCountry "GER"]
[SourceTitle "EXT 2020"]
[Source "ChessBase"]
[SourceDate "2019.10.17"]
[SourceVersion "1"]
[SourceVersionDate "2019.10.17"]
[SourceQuality "1"]
[WhiteTeam "Schwanstetten"]
[BlackTeam "Lauf SV"]
[WhiteTeamCountry "GER"]
[BlackTeamCountry "GER"]

1. e4 c5 2. Nc3 Nc6 3. f4 e6 4. Bc4 a6 5. a4 Nf6 6. d3 d5 7. Bb3 dxe4 8. dxe4 Qxd1+ 9. Kxd1 Ng4 10. Ke1 Nd4 11. h3 Nxb3 12. cxb3 Nf6 13. Nf3 Be7 14. Kf2 b6 15. Nd2 Rb8 16. Nc4 b5 17. axb5 axb5 18. Na5 Bd7 19. Rd1 b4 20. e5 bxc3 21. exf6 Bxf6 22. Nc4 cxb2 23. Bxb2 Bxb2 24. Nxb2 Bc6 25. Rd6 Bd5 26. Nd3 Ke7 27. Rda6 Rxb3 28. Ra7+ Kf6 29. Nxc5 Rb2+ 30. Ke3 Rxg2 31. Nd7+ Kf5 32. Ne5 f6 33. Ng4 Rb8 34. Rxg7 Rb3+ 35. Kd4 Rd2+ 36. Kc5 Rc2+ 0-1

[Event "Mittelfranken-chTB1 1314"]
[Site "Mittelfranken"]
[Date "2013.12.01"]
[Round "3.7"]
[White "Hoffmann, Ayar"]
[Black "Schulz, Wilfried"]
[Result "1/2-1/2"]
[WhiteElo "1814"]
[BlackElo "1772"]
[PlyCount "87"]
[EventDate "2013.10.20"]
[EventType "team-tourn"]
[EventRounds "9"]
[EventCountry "GER"]
[SourceTitle "EXT 2020"]
[Source "ChessBase"]
[SourceDate "2019.10.17"]
[SourceVersion "1"]
[SourceVersionDate "2019.10.17"]
[SourceQuality "1"]
[WhiteTeam "Postbauer Heng"]
[BlackTeam "Schwanstetten"]
[WhiteTeamCountry "GER"]
[BlackTeamCountry "GER"]

1. e4 d5 2. exd5 Qxd5 3. Nc3 Qd6 4. d4 Nf6 5. Nf3 Bg4 6. h3 Bxf3 7. Qxf3 c6 8. Be3 e6 9. Bd3 Nbd7 10. 0-0-0 Nd5 11. Nxd5 cxd5 12. Qe2 Qc7 13. f4 0-0-0 14. Kb1 Bd6 15. Rhf1 g6 16. g4 Kb8 17. Rc1 Nb6 18. c4 dxc4 19. Bxc4 Nxc4 20. Rxc4 Qd7 21. Rfc1 Rc8 22. Qc2 Rxc4 23. Qxc4 Rc8 24. Qxc8+ Qxc8 25. Rxc8+ Kxc8 26. Kc2 Kd7 27. Kd3 Kc6 28. Kc4 b5+ 29. Kd3 Kd5 30. Bd2 Bc7 31. Be3 Bb6 32. g5 a6 33. Bf2 Ba5 34. a3 Bc7 35. Be3 a5 36. b3 Bd6 37. Bc1 Bf8 38. Bb2 h5 39. Bc1 Be7 40. a4 b4 41. Be3 f6 42. gxf6 Bxf6 43. Bf2 Be7 44. Be1 1/2-1/2

[Event "Mittelfranken-chTB1 1314"]
[Site "Mittelfranken"]
[Date "2013.10.20"]
[Round "1.6"]
[White "Schulz, Wilfried"]
[Black "Suess, Stefan"]
[Result "1-0"]
[WhiteElo "1772"]
[BlackElo "2047"]
[PlyCount "81"]
[EventDate "2013.10.20"]
[EventType "team-tourn"]
[EventRounds "9"]
[EventCountry "GER"]
[SourceTitle "EXT 2020"]
[Source "ChessBase"]
[SourceDate "2019.10.17"]
[SourceVersion "1"]
[SourceVersionDate "2019.10.17"]
[SourceQuality "1"]
[WhiteTeam "Schwanstetten"]
[BlackTeam "Nuernberg NT III"]
[WhiteTeamCountry "GER"]
[BlackTeamCountry "GER"]

1. e4 e6 2. d3 d5 3. Nd2 Nf6 4. Ngf3 b6 5. e5 Nfd7 6. d4 c5 7. c3 Nc6 8. Be2 f6 9. exf6 Nxf6 10. 0-0 Bd6 11. Bb5 Bd7 12. Re1 Qc7 13. Bxc6 Qxc6 14. Ne5 Qc7 15. Ndf3 0-0 16. Be3 Rae8 17. Rc1 Bc8 18. Rc2 Nd7 19. Bc1 Ba6 20. Nxd7 Qxd7 21. Ne5 Bxe5 22. Rxe5 Rf5 23. Rxf5 exf5 24. Bf4 Re4 25. Be5 Qb5 26. h3 Qe8 27. Qf3 Qg6 28. Rd2 Qg5 29. Qd1 h6 30. Kh2 Bc8 31. f4 Qg6 32. Rd3 Qc6 33. Rg3 g6 34. Qh5 Kh7 35. Qh4 Qe6 36. Qd8 Rxe5 37. dxe5 Qd7 38. Qf6 Qg7 39. Re3 Bb7 40. Qd6 h5 41. e6 1-0

[Event "Nuremberg Zabo op 14th"]
[Site "Nuremberg"]
[Date "2012.09.16"]
[Round "5"]
[White "Schulz, Wilfried"]
[Black "Krauss, Josef"]
[Result "0-1"]
[WhiteElo "1851"]
[BlackElo "2087"]
[PlyCount "37"]
[EventDate "2012.09.14"]
[EventType "swiss"]
[EventRounds "5"]
[EventCountry "GER"]
[SourceTitle "EXT 2018"]
[Source "ChessBase"]
[SourceDate "2017.10.13"]
[SourceVersion "1"]
[SourceVersionDate "2017.10.13"]
[SourceQuality "1"]

1. e4 d6 2. Nc3 Nf6 3. g3 g6 4. Bg2 Bg7 5. d3 Bg4 6. Nf3 c5 7. h3 Bxf3 8. Qxf3 Nc6 9. 0-0 Rb8 10. Qd1 0-0 11. f4 Qd7 12. g4 b5 13. Ne2 Nd4 14. Ng3 b4 15. g5 Ne8 16. h4 a5 17. a4 b3 18. cxb3 Nxb3 19. Ra2 0-1

[Event "Mittelfranken-chTB2b 1112"]
[Site "Germany"]
[Date "2012.02.05"]
[Round "6.8"]
[White "Schulz, Wilfried"]
[Black "Classen, Jakob"]
[Result "1/2-1/2"]
[WhiteElo "1797"]
[BlackElo "1597"]
[PlyCount "64"]
[EventDate "2011.09.25"]
[EventType "team-tourn"]
[EventRounds "9"]
[EventCountry "GER"]
[SourceTitle "EXT 2013"]
[Source "ChessBase"]
[SourceDate "2012.11.22"]
[SourceVersion "1"]
[SourceVersionDate "2012.11.22"]
[SourceQuality "1"]
[WhiteTeam "Schwanstetten"]
[BlackTeam "Buechenbach/Roth II"]
[WhiteTeamCountry "GER"]
[BlackTeamCountry "GER"]

1. e4 Nf6 2. Nc3 d5 3. e5 Nfd7 4. d4 e6 5. Nf3 c5 6. Bb5 a6 7. Bxd7+ Bxd7 8. 0-0 Nc6 9. Ne2 Qc7 10. c3 cxd4 11. cxd4 Be7 12. Bf4 Rc8 13. Rc1 Qb6 14. b3 0-0 15. Nc3 Qa5 16. Na4 Nb4 17. a3 Nc6 18. Bd2 Qb5 19. Nc5 Be8 20. b4 f6 21. Nxe6 Rf7 22. Rc3 Bd7 23. Nf4 fxe5 24. a4 Qb6 25. Nxd5 Qd8 26. dxe5 Bg4 27. Nxe7+ Qxe7 28. b5 axb5 29. axb5 Nxe5 30. Rxc8+ Bxc8 31. Nxe5 Qxe5 32. Bb4 Bd7 1/2-1/2

[Event "Mittelfranken-chTB2b 1112"]
[Site "Germany"]
[Date "2011.11.20"]
[Round "3.8"]
[White "Wellmann, Franz Georg"]
[Black "Schulz, Wilfried"]
[Result "1/2-1/2"]
[WhiteElo "1822"]
[BlackElo "1797"]
[PlyCount "75"]
[EventDate "2011.09.25"]
[EventType "team-tourn"]
[EventRounds "9"]
[EventCountry "GER"]
[SourceTitle "EXT 2013"]
[Source "ChessBase"]
[SourceDate "2012.11.22"]
[SourceVersion "1"]
[SourceVersionDate "2012.11.22"]
[SourceQuality "1"]
[WhiteTeam "Herzogenaurach"]
[BlackTeam "Schwanstetten"]
[WhiteTeamCountry "GER"]
[BlackTeamCountry "GER"]

1. e4 d5 2. Nc3 d4 3. Nce2 c5 4. d3 Nc6 5. Ng3 e5 6. f4 exf4 7. Bxf4 Qa5+ 8. Qd2 Qxd2+ 9. Kxd2 h6 10. Nf5 Bxf5 11. exf5 0-0-0 12. g3 Nf6 13. Bh3 Bd6 14. Ne2 Ne5 15. Bxe5 Bxe5 16. Nf4 Kc7 17. Rae1 Rhe8 18. Ne6+ fxe6 19. Rxe5 Kd6 20. Rxe6+ Rxe6 21. fxe6 Ke7 22. Rf1 b6 23. c4 dxc3+ 24. bxc3 Ne4+ 25. Ke3 Ng5 26. Bf5 Nxe6 27. Bg6 Rf8 28. Rxf8 Nxf8 29. Bf5 Kf6 30. Kf4 g6 31. Bc8 g5+ 32. Ke4 Ng6 33. a4 Ne7 34. Bd7 h5 35. h4 gxh4 36. gxh4 Ng6 37. Be8 Nxh4 38. Bxh5 1/2-1/2

[Event "Mittelfranken-chTB2a 1011"]
[Site "Germany"]
[Date "2011.03.13"]
[Round "7.6"]
[White "Obsieger, Hendrik"]
[Black "Schulz, Wilfried"]
[Result "1/2-1/2"]
[WhiteElo "1859"]
[BlackElo "1858"]
[PlyCount "111"]
[EventDate "2010.09.26"]
[EventType "team-tourn"]
[EventRounds "9"]
[EventCountry "GER"]
[SourceTitle "EXT 2012"]
[Source "ChessBase"]
[SourceDate "2011.11.24"]
[SourceVersion "1"]
[SourceVersionDate "2011.11.24"]
[SourceQuality "1"]
[WhiteTeam "Erlangen 44/88 II"]
[BlackTeam "Zirndorf II"]
[WhiteTeamCountry "GER"]
[BlackTeamCountry "GER"]

1. e4 d5 2. exd5 Qxd5 3. Nc3 Qd6 4. Bc4 Nf6 5. d4 c6 6. Nge2 Be6 7. Bf4 Qd7 8. Bxe6 Qxe6 9. 0-0 Nbd7 10. Re1 Nb6 11. Bg3 Qd7 12. Nf4 e6 13. Qe2 0-0-0 14. Nd3 Bd6 15. Ne5 Qc7 16. a4 Nbd5 17. Na2 Bxe5 18. Bxe5 Qe7 19. c4 Nc7 20. b4 Nd7 21. Bg3 Rhe8 22. c5 Nb8 23. Bd6 Rxd6 24. cxd6 Qxd6 25. Qe5 Qxe5 26. dxe5 Nd5 27. Re4 Nd7 28. Rd1 Kd8 29. f4 g6 30. g3 Ke7 31. Rc1 h6 32. a5 a6 33. Nc3 Rg8 34. Nxd5+ exd5 35. Re2 Nf8 36. g4 Ne6 37. Rf2 g5 38. f5 Nf4 39. Rc3 d4 40. Rb3 d3 41. Kf1 Rd8 42. Rd2 Rd5 43. Rb1 Rxe5 44. Rc1 Kd6 45. Rc4 Kd5 46. Rxf4 gxf4 47. Rxd3+ Ke4 48. Ke2 Rb5 49. Rd7 f3+ 50. Kf2 Rxb4 51. Kg3 Rb3 52. Rxf7 f2+ 53. Kxf2 Kf4 54. Rg7 Rb2+ 55. Ke1 Ke5 56. Rh7 1/2-1/2

[Event "Mittelfranken-chTB2a 0910"]
[Site "Mittelfranken"]
[Date "2010.03.14"]
[Round "8.6"]
[White "Schulz, Wilfried"]
[Black "Lindner, Christoph"]
[Result "1/2-1/2"]
[WhiteElo "1892"]
[BlackElo "1761"]
[PlyCount "46"]
[EventDate "2009.10.11"]
[EventType "team-tourn"]
[EventRounds "9"]
[EventCountry "GER"]
[SourceTitle "EXT 2011"]
[Source "ChessBase"]
[SourceDate "2010.11.26"]
[SourceVersion "1"]
[SourceVersionDate "2010.11.26"]
[SourceQuality "1"]
[WhiteTeam "Zirndorf II"]
[BlackTeam "Kirchehrenbach"]
[WhiteTeamCountry "GER"]
[BlackTeamCountry "GER"]

1. e4 e5 2. Nf3 Nc6 3. Bb5 d6 4. d4 exd4 5. Qxd4 Bd7 6. Bxc6 Bxc6 7. Nc3 Nf6 8. Bf4 Be7 9. 0-0-0 0-0 10. h3 Qc8 11. Nd5 Nxd5 12. exd5 Bf6 13. Qd3 Bd7 14. g4 g6 15. Rde1 Qd8 16. Bh6 Bg7 17. Bxg7 Kxg7 18. Qd4+ Qf6 19. Re7 Qxd4 20. Nxd4 Rad8 21. Rhe1 Rfe8 22. Ne6+ Bxe6 23. R1xe6 Kf8 1/2-1/2

[Event "Mittelfranken-chTB2a 0910"]
[Site "Mittelfranken"]
[Date "2009.11.22"]
[Round "3.5"]
[White "Ganslmayer, Herbert"]
[Black "Schulz, Wilfried"]
[Result "1/2-1/2"]
[WhiteElo "1694"]
[BlackElo "1892"]
[PlyCount "138"]
[EventDate "2009.10.11"]
[EventType "team-tourn"]
[EventRounds "9"]
[EventCountry "GER"]
[SourceTitle "EXT 2011"]
[Source "ChessBase"]
[SourceDate "2010.11.26"]
[SourceVersion "1"]
[SourceVersionDate "2010.11.26"]
[SourceQuality "1"]
[WhiteTeam "Forchheim III"]
[BlackTeam "Zirndorf II"]
[WhiteTeamCountry "GER"]
[BlackTeamCountry "GER"]

1. d3 g6 2. e4 Bg7 3. g3 c5 4. Bg2 Nc6 5. Nf3 e6 6. 0-0 Nge7 7. Nbd2 0-0 8. c3 b6 9. Re1 Ba6 10. Nf1 Rc8 11. Ne3 d5 12. exd5 Nxd5 13. Ng4 Bb7 14. Nfe5 Nxe5 15. Nxe5 Ba8 16. Nf3 Ne7 17. Bg5 h6 18. Bf4 Nc6 19. Qc2 g5 20. Bd2 Qd7 21. Rad1 Rfd8 22. Bc1 Qe7 23. Qa4 Rd7 24. h4 gxh4 25. Nxh4 Qd8 26. Qg4 Qf6 27. Bf4 Rcd8 28. Be4 Ne7 29. Bxa8 Rxa8 30. Be5 Qg5 31. Qf3 Rad8 32. Bxg7 Kxg7 33. Re4 h5 34. Rf4 Nd5 35. Re4 Nf6 36. Rf4 Ng4 37. Qe2 Rg8 38. Re1 Qd5 39. d4 Qxa2 40. f3 Nh6 41. dxc5 Qd5 42. cxb6 axb6 43. Rd4 Qc5 44. Qe3 Rxd4 45. cxd4 Qd5 46. Qf4 Rd8 47. Re4 Rd6 48. Kf2 f6 49. g4 hxg4 50. fxg4 Nf7 51. Nf3 b5 52. Re2 b4 53. Kg3 Rc6 54. Qd2 b3 55. Qe3 Rb6 56. Rd2 Ng5 57. Rd3 Ne4+ 58. Kg2 Ng5 59. Rd2 Ne4 60. Rd3 Ng5 61. Kf2 Nxf3 62. Qxf3 Qxf3+ 63. Kxf3 Kg6 64. d5 exd5 65. Rxd5 Rb4 66. Rd3 Kg5 67. Rd5+ Kg6 68. Rd3 Kg5 69. Rd5+ Kg6 1/2-1/2

[Event "Mittelfranken-chTB1 0809"]
[Site "Mittelfranken"]
[Date "2009.04.26"]
[Round "9.7"]
[White "Schulz, Wilfried"]
[Black "Petersammer, Georg"]
[Result "1-0"]
[WhiteElo "1892"]
[BlackElo "1895"]
[PlyCount "81"]
[EventDate "2008.10.12"]
[EventType "team"]
[EventRounds "9"]
[EventCountry "GER"]
[SourceTitle "EXT 2011"]
[Source "ChessBase"]
[SourceDate "2010.11.26"]
[SourceVersion "1"]
[SourceVersionDate "2010.11.26"]
[SourceQuality "1"]
[WhiteTeam "Zirndorf II"]
[BlackTeam "Lauf"]
[WhiteTeamCountry "GER"]
[BlackTeamCountry "GER"]

1. e4 c5 2. c3 e6 3. d4 cxd4 4. cxd4 Bb4+ 5. Nc3 Ne7 6. Bd3 Nbc6 7. Nge2 d5 8. e5 Ng6 9. 0-0 Bd7 10. Be3 a6 11. Rc1 f5 12. f4 b5 13. Ng3 0-0 14. Nce2 Rc8 15. Kh1 Qh4 16. Qb3 Be7 17. Nxf5 Rxf5 18. Bxf5 Na5 19. Rxc8+ Bxc8 20. Qc3 Nc4 21. Bxg6 hxg6 22. b3 b4 23. Qd3 Nxe3 24. Qxe3 Bd7 25. Ng1 g5 26. Qh3 gxf4 27. Qxh4 Bxh4 28. Rxf4 Bg5 29. Rf1 Bb5 30. Rd1 Be3 31. g4 a5 32. Kg2 g6 33. Kf3 Bh6 34. h4 a4 35. g5 Bf8 36. Ne2 Kf7 37. Ke3 axb3 38. axb3 Bxe2 39. Kxe2 Be7 40. Rf1+ Kg7 41. Rf6 1-0

[Event "Mittelfranken-chTB1 0809"]
[Site "Mittelfranken"]
[Date "2009.03.22"]
[Round "8.7"]
[White "Blank, Helmut"]
[Black "Schulz, Wilfried"]
[Result "1/2-1/2"]
[WhiteElo "1977"]
[BlackElo "1892"]
[PlyCount "75"]
[EventDate "2008.10.12"]
[EventType "team"]
[EventRounds "9"]
[EventCountry "GER"]
[SourceTitle "EXT 2011"]
[Source "ChessBase"]
[SourceDate "2010.11.26"]
[SourceVersion "1"]
[SourceVersionDate "2010.11.26"]
[SourceQuality "1"]
[WhiteTeam "Nuernberg NT IV"]
[BlackTeam "Zirndorf II"]
[WhiteTeamCountry "GER"]
[BlackTeamCountry "GER"]

1. e4 d5 2. exd5 Qxd5 3. Nf3 Bg4 4. Be2 Nc6 5. d4 0-0-0 6. Be3 Nf6 7. 0-0 Qh5 8. c4 e5 9. Nc3 exd4 10. Nxd4 Nxd4 11. Bxd4 Bc5 12. Bxg4+ Nxg4 13. h3 Rxd4 14. hxg4 Qg6 15. Qf3 Rxg4 16. Nd5 Re8 17. Rae1 Rge4 18. Rxe4 Rxe4 19. b4 Bf8 20. Qa3 a6 21. Qb3 Kb8 22. Rd1 Qe6 23. Ne3 Kc8 24. Qd3 Be7 25. a3 Bf6 26. c5 Rd4 27. Qc2 Rxd1+ 28. Qxd1 g6 29. Qd3 Bg5 30. Qd4 Bf6 31. Qd3 Qe5 32. Qc4 c6 33. Qc2 Qd4 34. Nc4 Be5 35. Nxe5 Qxe5 36. Qd2 Qa1+ 37. Kh2 Qxa3 38. Qd6 1/2-1/2

[Event "Mittelfranken-chTB1 0809"]
[Site "Mittelfranken"]
[Date "2009.01.11"]
[Round "4.7"]
[White "Schulz, Wilfried"]
[Black "Stoessel, Horst"]
[Result "1/2-1/2"]
[WhiteElo "1892"]
[BlackElo "2064"]
[PlyCount "144"]
[EventDate "2008.10.12"]
[EventType "team"]
[EventRounds "9"]
[EventCountry "GER"]
[SourceTitle "EXT 2011"]
[Source "ChessBase"]
[SourceDate "2010.11.26"]
[SourceVersion "1"]
[SourceVersionDate "2010.11.26"]
[SourceQuality "1"]
[WhiteTeam "Zirndorf II"]
[BlackTeam "Nuernberg Sued SW II"]
[WhiteTeamCountry "GER"]
[BlackTeamCountry "GER"]

1. e4 d5 2. exd5 Qxd5 3. Nc3 Qd6 4. Nf3 Bg4 5. Be2 Nf6 6. d3 c6 7. Be3 e6 8. 0-0 Qc7 9. Qd2 Bd6 10. h3 Bxf3 11. Bxf3 Nbd7 12. Ne4 Nxe4 13. dxe4 Nf6 14. Rfd1 Be5 15. c3 0-0 16. Qe2 b6 17. Rd3 c5 18. Rad1 c4 19. R3d2 b5 20. Bg5 Rad8 21. a3 h6 22. Be3 Rb8 23. g3 Qb7 24. Bd4 Bxd4 25. Rxd4 e5 26. Rd6 Rbc8 27. Qe3 Rc7 28. Bg2 Re7 29. Qc5 Kh7 30. Qc6 Qxc6 31. Rxc6 Rb8 32. Rdd6 Rbb7 33. f3 Nd7 34. f4 Nf6 35. Rc5 Nd7 36. Rcd5 f6 37. f5 h5 38. Bf3 Kh6 39. h4 g5 40. fxg6 Kxg6 41. g4 hxg4 42. Bxg4 Nf8 43. Kf2 Kg7 44. h5 Nh7 45. Bf5 a5 46. Rc5 b4 47. cxb4 axb4 48. Rxc4 bxa3 49. bxa3 Rb2+ 50. Ke3 Reb7 51. Rd2 R2b3+ 52. Rd3 Ng5 53. Rcc3 Rb1 54. Rd8 Rf1 55. Ke2 Rf4 56. Re3 Rb2+ 57. Rd2 Rf2+ 58. Kxf2 Rxd2+ 59. Ke1 Rd4 60. Ke2 Ra4 61. Kd2 Kh6 62. Bg6 Ne6 63. Kc2 Nf4 64. Kb3 Rd4 65. a4 Nxg6 66. hxg6 Kxg6 67. a5 Kg5 68. Re2 Kf4 69. a6 Rd7 70. Ra2 Ra7 71. Ra4 f5 72. exf5+ Kxf5 1/2-1/2